El Papa habla / (Record no. 120137)

MARC details
000 -LEADER
campo de control de longitud fija 00523nam a2200169 4500
001 - NÚMERO DE CONTROL
campo de control 120137
003 - IDENTIFICADOR DE NÚMERO DE CONTROL
campo de control ES-MaACL
005 - FECHA Y HORA DE LA ÚLTIMA TRANSACCIÓN
campo de control 20230906191455.0
007 - CAMPO FIJO DE DESCRIPCIÓN FÍSICA--INFORMACIÓN GENERAL
campo de control de longitud fija t|
008 - DATOS DE LONGITUD FIJA--INFORMACIÓN GENERAL
campo de control de longitud fija 070214s1958 sp r ||||1| spa d
110 2# - ENTRADA PRINCIPAL--NOMBRE DE ENTIDAD CORPORATIVA
Nombre de entidad corporativa o nombre de jurisdicción como elemento de entrada Iglesia Católica.
Unidad subordinada Papa (1939-1958: Pío XII)
9 (RLIN) 4666
245 13 - MENCIÓN DEL TÍTULO
Título El Papa habla /
Mención de responsabilidad, etc. selección y prólogo del Rvdo. Dr. Ramón Roguer.
260 ## - PUBLICACIÓN, DISTRIBUCIÓN, ETC.
Lugar de publicación, distribución, etc. Barcelona :
Nombre del editor, distribuidor, etc. A. H. R.,
Fecha de publicación, distribución, etc. 1958.
300 ## - DESCRIPCIÓN FÍSICA
Extensión 315 p., 4 lám. ;
Dimensiones 21 cm.
700 1# - ENTRADA AGREGADA--NOMBRE PERSONAL
Nombre de persona Roguer, Ramón.
9 (RLIN) 98967
852 ## - LOCALIZACIÓN
Ubicación ES-MaACL
Número de control de estantería C-15085
Sublocalización o colección R.42974
Holdings
Estatus retirado Estado de pérdida Estado de daño No para préstamo Biblioteca de origen Biblioteca actual Ubicación en estantería Fecha de adquisición Fuente de adquisición Total de préstamos Signatura topográfica completa Código de barras Visto por última vez Precio de reemplazo Tipo de ítem Koha
        Biblioteca del Ateneo de Madrid Biblioteca del Ateneo de Madrid Ficheros 17/01/2008     C-15085 1125226 23/02/2023 23/02/2023 Libro impreso